Сборник задач и упражнений по геоинформатике: учебное пособие

Bibliographische Detailangaben
Weitere Verfasser: Тикунов В. С. Владимир Сергеевич (редактор)
Zusammenfassung:В сборнике кратко изложена теория по основным разделам геоинформатики, охарактеризована их реализация в наиболее распространенных геоинформационных системах, приведены задачи и упражнения, даны указания по их выполнению. Для студентов высших учебных заведений, обучающихся по экологическим, географическим, геологическим и другим специальностям, связанным с изучением и использованием географических информационных систем.
Sprache:Russisch
Veröffentlicht: Москва, Академия, 2009
Ausgabe:3-е изд., перераб. и доп.
Schriftenreihe:Высшее профессиональное образование. Естественные науки
Schlagworte:
Format: MixedMaterials Buch
KOHA link:https://koha.lib.tpu.ru/cgi-bin/koha/opac-detail.pl?biblionumber=165616

MARC

LEADER 00000nam0a2200000 4500
001 165616
005 20231101222550.0
010 |a 9785769542473 
035 |a (RuTPU)RU\TPU\book\179657 
035 |a RU\TPU\book\103452 
090 |a 165616 
100 |a 20060516d2009 m y0rusy50 ca 
101 0 |a rus 
102 |a RU 
105 |a a j 000zy 
200 1 |a Сборник задач и упражнений по геоинформатике  |e учебное пособие  |f под ред. В. С. Тикунова 
205 |a 3-е изд., перераб. и доп. 
210 |a Москва  |c Академия  |d 2009 
215 |a 512 с.  |c ил. 
225 1 |a Высшее профессиональное образование. Естественные науки 
330 |a В сборнике кратко изложена теория по основным разделам геоинформатики, охарактеризована их реализация в наиболее распространенных геоинформационных системах, приведены задачи и упражнения, даны указания по их выполнению. Для студентов высших учебных заведений, обучающихся по экологическим, географическим, геологическим и другим специальностям, связанным с изучением и использованием географических информационных систем. 
606 1 |a Геоинформатика  |2 stltpush  |3 (RuTPU)RU\TPU\subj\6031  |9 33996 
610 1 |a геология 
610 1 |a география 
610 1 |a геоинформационные системы 
610 1 |a ГИС 
610 1 |a интерфейсы 
610 1 |a системы координат 
610 1 |a картографические проекции 
610 1 |a модели данных 
610 1 |a растровая информация 
610 1 |a таблицы 
610 1 |a запросы 
610 1 |a геокодирование 
610 1 |a тематические карты 
610 1 |a изображение 
610 1 |a виртуальные модели 
610 1 |a космические снимки 
610 1 |a спутниковое позиционирование 
610 1 |a проектирование 
610 1 |a программное обеспечение 
610 1 |a учебные пособия 
675 |a 55:002.6(076)  |v 3 
675 |a 911.5/.9(076)  |v 3 
702 1 |a Тикунов  |b В. С.  |g Владимир Сергеевич  |4 340 
801 1 |a RU  |b 63413507  |c 20090921 
801 2 |a RU  |b 63413507  |c 20150522  |g RCR 
900 |a Геоинформатика 
942 |c BK 
951 |b 280000 
959 |a 97/20090921  |d 5  |e 649,00  |f АНЛ:1  |f ЧЗТЛ:1  |f УФ:3